Countries that border the European Union - Statistics

General Stats
  • This quiz has been taken 90 times
    65 since last reset
  • The average score is 18 of 21
Answer Stats
Bordering Country % Correct
United Kingdom
100%
Russia
98%
Turkey
95%
Belarus
93%
Ukraine
93%
Vatican City
91%
Albania
89%
Norway
89%
Serbia
89%
Switzerland
87%
Bosnia and Herzegovina
85%
North Macedonia
85%
San Marino
85%
Andorra
82%
Liechtenstein
80%
Monaco
78%
Montenegro
76%
Moldova
75%
Morocco
69%
Brazil
64%
Suriname
62%
No matching quizzes found
Score Distribution
Percent of People with Each Score
Percentile by Number Answered
Your Score History
You have not taken this quiz since the last reset